000 00578nam a2200193 a 4500
005 20260322212058.0
008 data
010 _a55-010248
096 _aWS 105 M461 1955
245 0 0 _aChildhood in contemporary cultures
_cedited by Margaret Mead & Wolfenstein, Martha.
260 _a[Chicago]
_bUniversity of Chicago Press
_c 1955
300 _axi, 473 p. :
_b illus. ;
_c 24 cm.
500 _aIncludes bibliographies.
650 4 _aChild study.
650 0 2 _aChild
700 1 _aMead, Margaret,
_d1901-1978
710 2 _aWolfenstein, Martha,
_d1911-1976 joint ed.
001 data
999 _c1389
_d1389